The 80 poorest countries in the world - Statistics

General Stats
  • This quiz has been taken 163 times
  • The average score is 45 of 80
Answer Stats
Rank Answer GDP per capita % Correct
9 D.R. Congo 394
80%
49 Sudan 1,723
80%
2 Burundi 217
79%
4 Niger 277
78%
42 Republic of the Congo 1,274
78%
1 Somalia 73
78%
18 South Sudan 589
78%
22 Chad 616
77%
19 Guinea 597
73%
50 Nigeria 1,808
72%
11 Afghanistan 479
71%
20 Mali 601
71%
17 Ethiopia 556
70%
29 Senegal 822
70%
15 Uganda 521
70%
45 Eritrea 1,444
69%
16 Guinea-Bissau 522
69%
21 Rwanda 601
69%
24 Benin 649
67%
37 Pakistan 1,175
67%
12 Togo 491
67%
5 Central African Republic 315
66%
7 Gambia 355
66%
30 Syria 952
66%
28 Yemen 737
66%
75 Iraq 3,517
65%
44 Kenya 1,280
65%
68 Angola 2,915
64%
38 Cambodia 1,181
64%
40 Ghana 1,254
64%
3 Malawi 254
64%
31 Mauritania 960
64%
10 Sierra Leone 418
64%
36 Cameroon 1,125
63%
57 Laos 2,070
63%
74 Algeria 3,487
62%
13 Burkina Faso 503
60%
47 India 1,582
60%
14 Liberia 509
60%
6 Mozambique 322
60%
43 Bangladesh 1,277
59%
70 Eswatini 3,309
59%
25 Haiti 652
59%
23 North Korea 642
59%
35 Zambia 1,024
59%
48 Djibouti 1,664
58%
8 Madagascar 370
58%
65 Morocco 2,738
58%
33 Zimbabwe 967
58%
41 Ivory Coast 1,273
57%
32 Lesotho 962
56%
39 Myanmar 1,204
56%
27 Tajikistan 685
55%
71 Tunisia 3,347
55%
59 Egypt 2,397
52%
26 Nepal 677
52%
58 Vietnam 2,076
50%
66 Bhutan 2,810
48%
34 Kyrgyzstan 973
48%
53 Uzbekistan 1,928
48%
69 Mongolia 3,238
44%
54 Moldova 1,971
42%
56 Honduras 2,031
41%
77 Sri Lanka 3,714
41%
72 Indonesia 3,359
40%
52 Papua New Guinea 1,907
40%
63 Philippines 2,599
40%
55 East Timor 1,987
38%
73 Jordan 3,410
36%
51 Nicaragua 1,878
36%
64 Bolivia 2,729
35%
79 Guatemala 3,801
35%
80 Armenia 3,806
33%
46 Solomon Islands 1,532
31%
78 Tonga 3,725
30%
61 Vanuatu 2,504
30%
76 Azerbaijan 3,635
27%
62 Ukraine 2,538
27%
67 F.S. Micronesia 2,863
24%
60 Palestine 2,494
7%
No matching quizzes found
Score Distribution
Percent of People with Each Score
Percentile by Number Answered
Your Score History
You have not taken this quiz